000 00279nam a22001217a 4500
008 170710b xxu||||| |||| 00| 0 eng d
041 _aGER
080 _a05
100 _a23
101 _aENC
245 _aENZYKLOPEDIA DER ELEMENTARMATHEMANRIK
_cMARURN.H.G
942 _2udc
_cBK
999 _c20134
_d20134